000 00629nab a2200193 4500
001 244442
003 OSt
005 20250106132555.0
007 tu
008 200917s2020|||||||
040 _aDE-2950
_cDE-2950
245 0 0 _aBaugenehmigung in Sicht
_bBildung. In Teile der Alten Post soll bald das evangelische Gymnasium mit Oberschule einziehen. Doch noch lassen die Bauarbeiten auf sich warten/
_cLisa Larossa
264 _c2024
653 _aFrankfurt (Oder)
653 _aAlte Post
653 _aGymnasium
773 0 _g35. Jahrgang (2024) Nr. 294 vom 17.12.2024, S. 13 mit Foto
_tMärkische Oderzeitung
942 _2z
_cA
999 _c373520
_d373520